000 01416nam2a22002531 4500
001 RU\NLR\INFOCOMM\1000037018
005 20250617155400.0
035 _a(NLR Aleph) 002757645
090 _a2201337
_c2201337
100 _a20040212d1955 |||y0rusy50 ca
101 0 _arus
102 _aRU
105 _ay |||||||||
200 1 _aИз опыта работы Наманганского маслозавода по охлаждению зеерных цилиндров шнекпрессов МП-21
_fЮ.П. Мацук
210 _d1955
_aБ. м.
461 0 _1001RU\NLR\INFOCOMM\1000036999
_12001#$aОбмен опытом новаторов производства$fСССР. М-во лег. и пищ. пром. "Главрасжирмасло". Всесоюз. науч.-исслед. ин-т жиров "ВНИИЖ"$vВып.20
_92201167
_aВсесоюзный научно-исследовательский институт жиров (Ленинград)
_cЛ.
_d1953-1959
_fСССР. М-во лег. и пищ. пром. "Главрасжирмасло". Всесоюз. науч.-исслед. ин-т жиров "ВНИИЖ"
_tОбмен опытом новаторов производства
_vВып.20
700 1 _aМацук
_bЮ.П.
_4070
801 1 _aRU
_bInfoComm
_c20040212
801 0 _aRU
_bNLR
_gPSBO
852 _aNLR
_jП11/925
942 _cISSUE
980 _aNB
980 _aRUSPER